000 00729nam a2200241 i 4500
001 bg
100 1 _aJOHNSTON, Bill
245 1 0 _aJęzyk angielski dla początkujących /
_cBill Johnston, Katarzyna Rydel-Johnston.
250 _aWyd.2.
260 _aKraków :
_bWydaw. Literackie,
_c2003.
300 _a376, [1] s. :
_bil. ;
_c24 cm.
650 9 _aJęzyk angielski
655 _aPodręczniki
700 1 _aRYDEL-JOHNSTON, Katarzyna
020 _a8308033415
040 _cBPK
041 w _aenpl
080 _a811.111(07)
920 _a83-08-03341-5
942 _cKS
008 s pl f |000 0 pol
999 _c42984
_d42984
856 _uhttp://koha.tu.koszalin.pl/cgi-bin/koha/opac-detail.pl?biblionumber=42984
_yKatalog online BPK